00998 2200325 4500001002100000005001500021035002000036007000300056008004100059020002200100040002200122082001500144084001700159090002200176100002800198245009500226250003200321300002800353650001900381700003300400850001200433504003400445264004900479336002100528337003000549338002300579999002200602600002600624990002200650INLIS00000000089715620250624102643 a0010-0625000527ta250617s2025 yoi g ind d a978-623-6579-83-1 aYOPDYOGbinderda04223a297.01 a297.01 RAH a aCB-D.11 2025-14060 aRaha BistaraePengarang10aAl-Farabi :briwayat & pemikiran filsafatnya /cRaha Bistara; penyunting, Viki Adi Nugroho aCetakan pertama, April 2025 ax, 114 halaman ;c20 cm aFilsafat Islam0 aViki Adi NugrohoePenyunting aYOPDYOG aBlibliografi: halaman 109-11231aYogyakarta :bGaza Library Publishing,c2025 2rdacontentateks 2rdamediaatanpa perantara 2rdacarrieravolume aCB-D.11/2025-1406 4aAl Farabi--vBiografi aCB-D.11/2025-1406